Cuộc kháng chiến chống Tống lần thứ nhất (980-981) /

Nước Đại Cồ Việt trước cuộc kháng chiến; Nhà Tống chuẩn bị xâm lược Đại Cồ Việt; Triều đình Đại Cồ Việt bố phòng kháng chiến; Chiến sự Thu - Đông năm Canh Thìn (từ 19-8-980 đến 7-2-981); Chiến sự mùa xuân năm Tân Tỵ (981).

Đã lưu trong:
Sonraí Bibleagrafaíochta
Príomhúdar: Trần Bá Chí, PGS.TS. sử học.
Formáid: Leabhar
Teanga:Vietnamese
Foilsithe: Hà Nội : Quân đội nhân dân, 2003.
Eagrán:In lần thứ 2 có sửa chữa.
Ábhair:
Clibeanna: Cuir Clib Leis
Gan Chlibeanna, Bí ar an gcéad duine leis an taifead seo a chlibeáil!
Thư viện lưu trữ: Mạng thư viện Đại học Đà Nẵng
LEADER 01554cam a2200373 a 4500
001 000043745
003 1791
005 20060511091411.0
008 010217b2003 vm 000 vie
020 |c 36000 
040 |a LRC  |c LRC  |d LRC 
041 0 |a vie 
082 1 4 |a 959.7043  |b TR-C 
100 1 |a Trần Bá Chí,  |c PGS.TS. sử học. 
245 1 0 |a Cuộc kháng chiến chống Tống lần thứ nhất (980-981) /  |c Trần Bá Chí. 
250 |a In lần thứ 2 có sửa chữa. 
260 |a Hà Nội :  |b Quân đội nhân dân,  |c 2003. 
300 |a 258 tr. :  |b bản đồ ;  |c 20,5 cm. 
520 3 |a Nước Đại Cồ Việt trước cuộc kháng chiến; Nhà Tống chuẩn bị xâm lược Đại Cồ Việt; Triều đình Đại Cồ Việt bố phòng kháng chiến; Chiến sự Thu - Đông năm Canh Thìn (từ 19-8-980 đến 7-2-981); Chiến sự mùa xuân năm Tân Tỵ (981). 
630 0 4 |a Kháng chiến. 
630 0 4 |a Đại Cồ Việt. 
650 0 4 |a Lịch sử  |z Đại Cồ Việt (Việt Nam)  |y 980-981. 
OWN |a DUT 
AVA |a UDN50  |b DUT  |c Book  |d 959.7043 TR-C  |e available  |t Error 5001 Not defined in file expand_doc_bib_avail.  |f 3  |g 0  |h N  |i 0  |j SH  |k 1 
999 |a From the UDN01 
AVA |a UDN50  |b DUT  |c Book  |d 959.7043 TR-C  |e available  |t Error 5001 Not defined in file expand_doc_bib_avail.  |f 3  |g 0  |h N  |i 0  |j SH  |k 1 
TYP |a Monograph 
TYP |a Printed language 
980 |a Mạng thư viện Đại học Đà Nẵng